000 00626nam a22002297a 4500
001 00028858
005 20260423162720.0
008 260423b ag ||||| |||| 00| 0 spa d
020 _a8441308942
040 _aAR-CcCEOS
_bspa
_cAR-CcCEOS
041 _aspa
080 _a94(6)
090 _bCAB v.1
100 1 _aCable, Mary
_91108
245 _aLos reyes africanos :
_bVolumen I /
_cMary Cable
264 _aBarcelona :
_bFolio,
_c1998.
300 _a90 p. ;
_c30x28 cm.
490 _vAtlas culturales del mundo
655 0 _aarte
_9138
942 _2udc
_cBK
_n0
999 _c28900
_d28900